ロード中...
Kahi to Hasse Ho/
| 第一著者: | |
|---|---|
| フォーマット: | Printed Book |
| 出版事項: |
Allahabad:
Anamika Prakashan,
2018.
|
| 主題: |
| LEADER | 00527nam a22001697a 4500 | ||
|---|---|---|---|
| 999 | |c 145121 |d 145121 | ||
| 020 | |a 9788187770978 | ||
| 082 | |a H1 |b JIT/K | ||
| 100 | |a Jitendra Mani | ||
| 245 | |a Kahi to Hasse Ho/ |c by Jitendra Mani | ||
| 260 | |a Allahabad: |b Anamika Prakashan, |c 2018. | ||
| 300 | |a 110p. | ||
| 650 | |a Poetry Hindi | ||
| 650 | |a Literature Hindi | ||
| 650 | |a Literature | ||
| 942 | |c BK | ||
| 952 | |0 0 |1 0 |4 0 |6 H_1_000000000000000_JIT_K |7 0 |9 103504 |a SSUS |b SSUS |c STACKS |d 2020-09-16 |g 250.00 |o H1 JIT/K |p 100410 |r 2020-09-16 |w 2020-09-16 |y BK | ||